Score 0/16 Timer 02:00
0 Plays Today
Shakira Song Word % Correct
____ Don't LieHips
89%
Deja ____Vu
87%
Whenever, ____Wherever
81%
Waka Waka (This Time for ____)Africa
58.6%
____ WolfShe
56.7%
Can't Remember to ____ YouForget
55.7%
You Don't ____ About MeCare
53.3%
Underneath Your ____Clothes
49.9%
Shakira Song Word % Correct
Did It ____Again
49.1%
____ TorturaLa
41.7%
Beautiful ____Liar
41.3%
____ It Up to MeGive
36.9%
Loca Por ____Ti
34.9%
Cut Me ____Deep
29.1%
Don't ____Bother
20.2%
____ for PlansDreams
15.3%

Today's Daily Dose

You're not logged in!

Compare scores with friends on all Sporcle quizzes.
OR
Log In

Sporcle TV

Today on Sporcle TV


Watch our educational content, quiz creation guides, and fun videos on Sporcle TV.

Show Comments

Extras

Top Quizzes Today


Score Distribution

Paid Content

Your Account Isn't Verified!

In order to create a playlist on Sporcle, you need to verify the email address you used during registration. Go to your Sporcle Settings to finish the process.

Report this User

Report this user for behavior that violates our Community Guidelines.

Details: